| 000 | 00792cam a22002777a 4500 | ||
|---|---|---|---|
| 003 | CHAP | ||
| 005 | 20220329140048.0 | ||
| 008 | 971013s1945 r 00010 d | ||
| 010 | _a46395 | ||
| 011 | _a47367 | ||
| 035 | _a51509 | ||
| 040 | _cCHAP | ||
| 082 |
_a589.23 _bT46 |
||
| 100 | 0 | 0 |
_aThom, Charles. _9112800 |
| 245 | 1 | 2 | _aA manual of the aspergilli |
| 260 |
_aBaltimore : _bWilliams & Wilkins, _c1945 |
||
| 300 |
_a373 p. _b: ilus. |
||
| 590 |
_aBATCH-UPD _b10 _c20130110 _lUCH01 _h0226 |
||
| 590 |
_aBATCH-UPD _b10 _c20130110 _lUCH01 _h2108 |
||
| 590 |
_aCONVERSION _b10 _c20130109 _lUCH01 _h1325 |
||
| 650 | 1 | 4 |
_aAspergillus. _98118 |
| 700 | 0 |
_aRaper, Kenneth B. _994683 |
|
| 901 | _aBK | ||
| 942 | _cLIBRO | ||
| 949 |
_a589.23 T46 _bBC _cLIBRO _d33724000374120 _eLIBRO _h1654 _i51509 _si |
||
| 999 |
_c46395 _d46395 |
||